000 00849cpmaa2200241 a 4500
001 mm 82004014
003 DLC
005 20260227111711.0
008 821130|||||||||||| eng
010 _amm 82004014
040 _aDLC
_cDLC
_edacs
_dDLC
072 7 _aW
_2lcmd
100 1 _aTayler, R. W.
245 0 0 _aR. W. Tayler autograph album,
_f1865-1871.
300 _a1
_fvolume (22 pages).
506 0 _aOpen to research.
520 8 _aAlbum containing autographs of Ohio public officials.
546 _aCollection material in English.
580 _aForms part of: Miscellaneous Manuscripts collection.
651 0 _aOhio
_xOfficials and employees
_vAutographs.
999 _c43356
_d43356